Country Flags Click Quiz #5 - Statistics

General Stats
  • This quiz has been taken 177 times
  • The average score is 19 of 20
Answer Stats
Hint Answer % Correct
Croatia
97%
Kosovo
97%
New Zealand
97%
Nigeria
96%
Belarus
95%
Estonia
95%
Fiji
95%
Hungary
95%
Latvia
95%
Morocco
95%
Yemen
94%
Kyrgyzstan
93%
Liberia
93%
Mongolia
93%
Serbia
93%
Ethiopia
92%
Guatemala
92%
Uzbekistan
92%
Papua New Guinea
91%
Zambia
91%
No matching quizzes found
Score Distribution
Percent of People with Each Score
Percentile by Number Answered
Your Score History
You have not taken this quiz